| 000 | 02509nam a22003617a 4500 | ||
|---|---|---|---|
| 001 | 103172 | ||
| 003 | KnowledgeUnlatched | ||
| 005 | 20210303105020.0 | ||
| 006 | m o d | ||
| 007 | cr u|||||||||| | ||
| 008 | 210129p20172019xx o u00| u fre d | ||
| 037 | _5BiblioBoard | ||
| 245 | 0 | 4 |
_aLes villes non occidentales _bComprendre les enjeux de la diversité urbaine / _cGabriel Fauveau. |
| 020 | _a9791036501845 | ||
| 024 | 8 | _ahttps://doi.org/10.4000/books.pum.11857 | |
| 029 | 1 | _ahttps://library.biblioboard.com/ext/api/media/315d6596-af05-463c-a680-c4293c6cb830/assets/thumbnail.jpg | |
| 040 |
_aScCtBLL _cScCtBLL |
||
| 100 | 1 |
_aFauveau, Gabriel _eauthor. |
|
| 264 | 1 | _bLes Presses de l'Université du Montréal (PUM), | |
| 300 | _a1 online resource (1 p.) | ||
| 506 | 0 |
_aAccess copy available to the general public. _fUnrestricted _2star |
|
| 520 | _aCet ouvrage souhaite montrer la richesse d'une ouverture géographique et thématique des recherches urbaines actuelles en présentant celles qui prennent en considération les villes situées en dehors de l'aire occidentale. Il donne la voix à de jeunes chercheurs et praticiens originaires de six pays et de trois continents qui, par leurs réflexions engagées, proposent de corriger les perceptions souvent négatives, voire catastrophiques, de l'urbanisation non occidentale. En partant du principe que tout espace urbain est aussi banal que singulier, ils aident à décentrer le regard et à envisager sérieusement l'importance de l'altérité dans la construction des représentations collectives. Ouvert sur le monde, donc, cet ouvrage montre tout l'intérêt de diversifier les approches théoriques et empiriques en urbanisme, dont le fort ancrage nord-américain ou européen empêche souvent de rendre compte des multiples réalités des villes de la planète. | ||
| 588 | 0 | _aDescription based on print version record. | |
| 590 | _aOpenEdition Books Select 2018: HSS Backlist Books | ||
| 650 | 7 |
_aArchitecture / Urban & Land Use Planning _2bisacsh |
|
| 650 | 0 | _aArchitecture | |
| 655 | 0 | _aElectronic books. | |
| 758 |
_iIs found in: _aKnowledge Unlatched _1https://openresearchlibrary.org/module/2774bc74-146a-484f-a7ba-ab1d6a09bbfb |
||
| 856 | 4 | 0 |
_uhttps://openresearchlibrary.org/content/315d6596-af05-463c-a680-c4293c6cb830 _zView this content on Open Research Library. _70 |
| 999 |
_c33266 _d33266 |
||